000 00351nam a2200133Ia 4500
008 211109s9999||||xx |||||||||||||| ||und||
082 _a570
_bMAT-P
100 _aMathew K M & Sebastian M M,
245 0 _aP D C Biology Zology
260 _bUn Known
_aThrissur
630 _xgeneral stack
650 _aLife Sciences
_vBiologyGeneralia
942 _cBOOK
999 _c63206
_d63206